Addy learns a lesson : (Record no. 14085)

000 -LEADER
fixed length control field 00834cam a2200229 a 4500
020 ## - INTERNATIONAL STANDARD BOOK NUMBER
ISBN 1562470787 (hardcover) :
020 ## - INTERNATIONAL STANDARD BOOK NUMBER
ISBN 1562470779 (pbk.) :
040 ## - CATALOGING SOURCE
Transcribing agency DLC
082 00 - DEWEY DECIMAL CLASSIFICATION NUMBER
Classification number 813 PLA 1993 A094 Or.
100 1# - MAIN ENTRY--AUTHOR NAME
Personal name Porter, Connie Rose,
245 10 - TITLE STATEMENT
Title Addy learns a lesson :
Remainder of title a school story /
250 ## - EDITION STATEMENT
Edition statement 1st ed.
260 ## - PUBLICATION, DISTRIBUTION, ETC. (IMPRINT)
Place of publication Middleton, WI :
Name of publisher Pleasant Co.,
Year of publication c1993.
300 ## - PHYSICAL DESCRIPTION
Number of Pages 68 p. :
Other physical details col. ill. ;
Dimensions 22 cm.
520 ## - SUMMARY, ETC.
Summary, etc After their escape from North Carolina to Philadelphia in the summer of 1864, Addy and her mother begin their new life as free people as her mother gets a paying job and Addy goes to school and learns a lesson in true friendship.
650 #0 - SUBJECT ADDED ENTRY--TOPICAL TERM
Topical Term African Americans
650 #1 - SUBJECT ADDED ENTRY--TOPICAL TERM
Topical Term African Americans
650 #1 - SUBJECT ADDED ENTRY--TOPICAL TERM
Topical Term Fugitive slaves
650 #1 - SUBJECT ADDED ENTRY--TOPICAL TERM
Topical Term Friendship
700 1# - ADDED ENTRY--PERSONAL NAME
Personal name Rosales, Melodye,
942 ## - ADDED ENTRY ELEMENTS (KOHA)
Koha item type សៀវភៅភាសាអង់គ្លេស
952 ## - LOCATION AND ITEM INFORMATION (KOHA)
Withdrawn status [LOCAL, KOHA] 0
Holdings
Permanent Location Date acquired Koha item type Lost status Shelving location Barcode Current Location Full call number
Library Block A2017-10-06សៀវភៅភាសាអង់គ្លេស A094A20995Library Block A813 PLA 1993 A094 Or.
មជ្ឈមណ្ឌលឯការនៃសាកលវិទ្យាល័យភូមិន្ទកសិកម្មចំការដូង

Powered by Koha